000 00366nam a2200145Ia 4500
008 230917s9999||||xx |||||||||||||| ||und||
040 _e28893
_aMAIN
041 _aEnglish
082 _a006.3 J239F
100 _aChen, C H ,ed.
245 0 _aFuzzy logic and neural network handbook
260 _aNew York
_bMcGraw-Hill
_c1996
300 _axix, v.p p.
942 _cBK
999 _c99723
_d99723